[Event "DEM U14w 2023"]
[Site "Willingen GER"]
[Date "2023.05.28"]
[Round "2"]
[White "Lorenz, Rebecca"]
[Black "Müller, Cosima"]
[Result "0-1"]
[Termination "normal"]
[Board "6"]
[WhiteElo "770"]
[BlackElo "1521"]
[WhiteClock "01:08:59"]
[BlackClock "01:04:46"]
[PlyCount "66"]
[WhiteFideId "34610944"]
[BlackFideId "34601490"]
[EventCountry "GER"]
[EventRounds "9"]
[EventType "swiss"]
[EventDate "2023.05.27"]

1. e4 {[%emt 0:00:01]} c5 {[%emt 0:00:04]} 2. c4 {[%emt 0:01:47]} Nc6 {[%emt
0:00:41]} 3. Nf3 {[%emt 0:00:44]} g6 {[%emt 0:00:29]} 4. g4 {[%emt 0:01:23]}
Bg7 {[%emt 0:03:09]} 5. d3 {[%emt 0:01:35]} d6 {[%emt 0:01:57]} 6. Be3 {[%emt
0:04:18]} Bxb2 {[%emt 0:00:40]} 7. Nbd2 {[%emt 0:01:11]} Bxa1 {[%emt 0:00:09]}
8. Qxa1 {[%emt 0:00:05]} e5 {[%emt 0:01:38]} 9. Nb3 {[%emt 0:02:13]} Bxg4
{[%emt 0:02:22]} 10. Ng1 {[%emt 0:01:05]} Qb6 {[%emt 0:05:17]} 11. Be2 {[%emt
0:01:37]} Bxe2 {[%emt 0:00:32]} 12. Nxe2 {[%emt 0:00:12]} Nb4 {[%emt 0:00:30]}
13. Qb1 {[%emt 0:02:08]} h6 {[%emt 0:05:07]} 14. a3 {[%emt 0:02:11]} Nc6 {[%emt
0:00:12]} 15. Qb2 {[%emt 0:00:34]} Nf6 {[%emt 0:04:11]} 16. O-O {[%emt
0:04:07]} O-O-O {[%emt 0:01:47]} 17. Ra1 {[%emt 0:02:37]} Ng4 {[%emt 0:04:23]}
18. Kg2 {[%emt 0:01:55]} Nxe3+ {[%emt 0:00:30]} 19. fxe3 {[%emt 0:00:15]} f5
{[%emt 0:00:26]} 20. exf5 {[%emt 0:00:49]} gxf5 {[%emt 0:00:12]} 21. Kh1 {[%emt
0:02:07]} Rhg8 22. Qb1 {[%emt 0:00:17]} Na5 {[%emt 0:01:46]} 23. Nd2 Qc6+ 24.
e4 fxe4 25. dxe4 Qd7 26. Qf1 Rdf8 27. Qe1 Qh3 28. Ng3 h5 29. Kg1 h4 30. Qe2
hxg3 31. Kh1 Rf2 32. Qxf2 gxf2 33. Nf1 Rg1# 0-1

[Event "DEM U14w 2023"]
[Site "Willingen GER"]
[Date "2023.05.28"]
[Round "2"]
[White "Bezsonna, Polina"]
[Black "Burlutskaia, Maria"]
[Result "1/2-1/2"]
[Termination "normal"]
[Board "7"]
[WhiteElo "1629"]
[BlackElo "1510"]
[WhiteClock "00:16:39"]
[BlackClock "00:05:27"]
[PlyCount "138"]
[WhiteFideId "14191156"]
[BlackFideId "34607137"]
[EventCountry "GER"]
[EventRounds "9"]
[EventType "swiss"]
[EventDate "2023.05.27"]

1. e4 {[%clk 01:30:57]} {[%emt 00:00:02]} e5 {[%clk 01:30:55]} {[%emt
00:00:05]} 2. Nf3 {[%clk 01:31:20]} {[%emt 00:00:08]} Nc6 {[%clk 01:31:21]}
{[%emt 00:00:03]} 3. d4 {[%clk 01:31:34]} {[%emt 00:00:16]} exd4 {[%clk
01:31:47]} {[%emt 00:00:04]} 4. Bc4 {[%clk 01:31:55]} {[%emt 00:00:09]} Nf6
{[%clk 01:32:12]} {[%emt 00:00:06]} 5. e5 {[%clk 01:32:12]} {[%emt 00:00:13]}
d5 {[%clk 01:32:36]} {[%emt 00:00:05]} 6. Bb5 {[%clk 01:32:33]} {[%emt
00:00:09]} Ne4 {[%clk 01:33:02]} {[%emt 00:00:04]} 7. Nxd4 {[%clk 01:32:51]}
{[%emt 00:00:12]} Bd7 {[%clk 01:33:27]} {[%emt 00:00:05]} 8. Bxc6 {[%clk
01:33:01]} {[%emt 00:00:20]} bxc6 {[%clk 01:33:52]} {[%emt 00:00:05]} 9. O-O
{[%clk 01:33:21]} {[%emt 00:00:10]} Bc5 {[%clk 01:34:18]} {[%emt 00:00:04]} 10.
Be3 {[%clk 01:33:36]} {[%emt 00:00:15]} Bb6 {[%clk 01:34:42]} {[%emt 00:00:06]}
11. f3 {[%clk 01:33:56]} {[%emt 00:00:11]} Ng5 {[%clk 01:34:59]} {[%emt
00:00:12]} 12. f4 {[%clk 01:34:15]} {[%emt 00:00:11]} Ne4 {[%clk 01:35:23]}
{[%emt 00:00:06]} 13. Nd2 {[%clk 01:34:20]} {[%emt 00:00:25]} Nxd2 {[%clk
01:35:46]} {[%emt 00:00:08]} 14. Qxd2 {[%clk 01:34:40]} {[%emt 00:00:10]} c5
{[%clk 01:35:54]} {[%emt 00:00:22]} 15. Nf3 {[%clk 01:35:00]} {[%emt 00:00:10]}
d4 {[%clk 01:36:18]} {[%emt 00:00:06]} 16. Bf2 {[%clk 01:35:23]} {[%emt
00:00:06]} Bc6 {[%clk 01:36:20]} {[%emt 00:00:27]} 17. Bh4 {[%clk 01:33:14]}
{[%emt 00:02:39]} Qd5 {[%clk 01:35:40]} {[%emt 00:01:11]} 18. Kh1 {[%clk
01:32:14]} {[%emt 00:01:31]} Kd7 {[%clk 01:32:10]} {[%emt 00:03:59]} 19. f5
{[%clk 01:20:10]} {[%emt 00:12:34]} Kc8 {[%clk 01:28:42]} {[%emt 00:03:59]} 20.
a4 {[%clk 01:19:12]} {[%emt 00:01:27]} a5 {[%clk 01:27:14]} {[%emt 00:01:58]}
21. b3 {[%clk 01:16:52]} {[%emt 00:02:51]} Kb7 {[%clk 01:22:33]} {[%emt
00:05:11]} 22. Rfd1 {[%clk 01:13:47]} {[%emt 00:03:33]} Qe4 {[%clk 01:16:37]}
{[%emt 00:06:26]} 23. Qd3 {[%clk 01:10:45]} {[%emt 00:03:33]} Qg4 {[%clk
01:05:08]} {[%emt 00:11:58]} 24. Bg3 {[%clk 01:10:09]} {[%emt 00:01:05]} Be4
{[%clk 01:01:23]} {[%emt 00:04:16]} 25. Qd2 {[%clk 00:54:53]} {[%emt 00:15:47]}
Bxf3 {[%clk 00:39:58]} {[%emt 00:21:55]} 26. gxf3 {[%clk 00:55:10]} {[%emt
00:00:13]} Qxf5 {[%clk 00:40:12]} {[%emt 00:00:16]} 27. Qd3 {[%clk 00:54:48]}
{[%emt 00:00:52]} Qh3 {[%clk 00:36:22]} {[%emt 00:04:19]} 28. Re1 {[%clk
00:46:40]} {[%emt 00:08:39]} g5 {[%clk 00:30:57]} {[%emt 00:05:55]} 29. e6
{[%clk 00:40:07]} {[%emt 00:07:03]} f5 {[%clk 00:30:17]} {[%emt 00:01:09]} 30.
Re5 {[%clk 00:39:53]} {[%emt 00:00:44]} f4 {[%clk 00:29:02]} {[%emt 00:01:46]}
31. Bf2 {[%clk 00:39:35]} {[%emt 00:00:48]} h6 {[%clk 00:19:05]} {[%emt
00:10:27]} 32. e7 {[%clk 00:35:14]} {[%emt 00:04:51]} c6 {[%clk 00:15:50]}
{[%emt 00:03:44]} 33. Qe4 {[%clk 00:34:38]} {[%emt 00:01:06]} Rhe8 {[%clk
00:11:34]} {[%emt 00:04:47]} 34. Rg1 {[%clk 00:33:46]} {[%emt 00:01:22]} Rac8
{[%clk 00:08:55]} {[%emt 00:03:09]} 35. Rg2 {[%clk 00:32:15]} {[%emt 00:02:01]}
Rc7 {[%clk 00:06:53]} {[%emt 00:02:32]} 36. Rg1 {[%clk 00:28:28]} {[%emt
00:04:16]} Qh5 {[%clk 00:05:05]} {[%emt 00:02:18]} 37. Re1 {[%clk 00:24:35]}
{[%emt 00:04:24]} Qh3 {[%clk 00:04:26]} {[%emt 00:01:08]} 38. Rg1 {[%clk
00:19:39]} {[%emt 00:05:27]} Qd7 {[%clk 00:04:11]} {[%emt 00:00:45]} 39. Re1
{[%clk 00:19:47]} {[%emt 00:00:22]} Qd6 {[%clk 00:02:53]} {[%emt 00:01:48]} 40.
Re6 {[%clk 00:19:08]} {[%emt 00:01:09]} Qd5 {[%clk 00:03:08]} {[%emt 00:00:16]}
41. Qxd5 {[%clk 00:15:12]} {[%emt 00:04:25]} cxd5 {[%clk 00:03:31]} {[%emt
00:00:07]} 42. h4 {[%clk 00:13:51]} {[%emt 00:01:51]} c4 {[%clk 00:28:42]}
{[%emt 00:05:19]} 43. bxc4 {[%clk 00:35:28]} {[%emt 00:08:53]} Rxc4 {[%clk
00:27:16]} {[%emt 00:01:56]} 44. c3 {[%clk 00:30:56]} {[%emt 00:05:02]} Rxc3
{[%clk 00:26:36]} {[%emt 00:01:09]} 45. Rb1 {[%clk 00:31:14]} {[%emt 00:00:13]}
Rc6 {[%clk 00:26:18]} {[%emt 00:00:48]} 46. Re5 {[%clk 00:30:47]} {[%emt
00:00:57]} Kc7 {[%clk 00:25:03]} {[%emt 00:01:45]} 47. Rxd5 {[%clk 00:30:14]}
{[%emt 00:01:03]} Rxe7 {[%clk 00:24:51]} {[%emt 00:00:42]} 48. Bxd4 {[%clk
00:26:00]} {[%emt 00:04:43]} Bxd4 {[%clk 00:25:03]} {[%emt 00:00:19]} 49. Rxd4
{[%clk 00:26:23]} {[%emt 00:00:08]} Re3 {[%clk 00:23:22]} {[%emt 00:02:10]} 50.
Rf1 {[%clk 00:25:28]} {[%emt 00:01:25]} Rec3 {[%clk 00:21:31]} {[%emt
00:02:20]} 51. hxg5 {[%clk 00:24:29]} {[%emt 00:01:29]} hxg5 {[%clk 00:21:45]}
{[%emt 00:00:17]} 52. Kg2 {[%clk 00:24:37]} {[%emt 00:00:22]} R3c4 {[%clk
00:21:14]} {[%emt 00:01:01]} 53. Rfd1 {[%clk 00:20:48]} {[%emt 00:04:18]} Rb4
{[%clk 00:18:49]} {[%emt 00:02:55]} 54. Kh3 {[%clk 00:19:41]} {[%emt 00:01:37]}
Rc2 {[%clk 00:15:42]} {[%emt 00:03:37]} 55. Rd7+ {[%clk 00:17:09]} {[%emt
00:03:03]} Kb6 {[%clk 00:15:54]} {[%emt 00:00:19]} 56. R7d6+ {[%clk 00:16:45]}
{[%emt 00:00:53]} Rc6 {[%clk 00:15:36]} {[%emt 00:00:48]} 57. R6d4 {[%clk
00:16:41]} {[%emt 00:00:34]} Rbc4 {[%clk 00:03:54]} {[%emt 00:12:12]} 58. Kg4
{[%clk 00:16:26]} {[%emt 00:00:44]} Rxd4 {[%clk 00:01:52]} {[%emt 00:02:33]}
59. Rxd4 {[%clk 00:16:48]} {[%emt 00:00:08]} Rc5 {[%clk 00:01:02]} {[%emt
00:01:20]} 60. Rd6+ {[%clk 00:14:52]} {[%emt 00:02:25]} Rc6 {[%clk 00:01:28]}
{[%emt 00:00:04]} 61. Rxc6+ {[%clk 00:14:07]} {[%emt 00:01:15]} Kxc6 {[%clk
00:01:54]} {[%emt 00:00:05]} 62. Kxg5 {[%clk 00:14:23]} {[%emt 00:00:14]} Kc5
{[%clk 00:02:21]} {[%emt 00:00:03]} 63. Kxf4 {[%clk 00:14:34]} {[%emt
00:00:19]} Kb4 {[%clk 00:02:46]} {[%emt 00:00:05]} 64. Kg5 {[%clk 00:14:51]}
{[%emt 00:00:12]} Kxa4 {[%clk 00:03:12]} {[%emt 00:00:05]} 65. f4 {[%clk
00:15:13]} {[%emt 00:00:07]} Kb3 {[%clk 00:03:38]} {[%emt 00:00:05]} 66. f5
{[%clk 00:15:34]} {[%emt 00:00:09]} a4 {[%clk 00:04:05]} {[%emt 00:00:03]} 67.
f6 {[%clk 00:15:53]} {[%emt 00:00:11]} a3 {[%clk 00:04:33]} {[%emt 00:00:02]}
68. f7 {[%clk 00:16:17]} {[%emt 00:00:05]} a2 {[%clk 00:05:02]} {[%emt
00:00:02]} 69. f8=Q {[%clk 00:16:39]} {[%emt 00:00:08]} a1=Q {[%clk 00:05:27]}
{[%emt 00:00:05]} 1/2-1/2

[Event "DEM U14w 2023"]
[Site "Willingen GER"]
[Date "2023.05.28"]
[Round "2"]
[White "Neininger, Sarah"]
[Black "Huber, Laura"]
[Result "1/2-1/2"]
[Termination "normal"]
[Board "8"]
[WhiteElo "1512"]
[BlackElo "1388"]
[WhiteClock "00:38:46"]
[BlackClock "00:20:25"]
[PlyCount "50"]
[WhiteFideId "16287410"]
[BlackFideId "16270940"]
[EventCountry "GER"]
[EventRounds "9"]
[EventType "swiss"]
[EventDate "2023.05.27"]

1. e4 {[%clk 01:30:57]} {[%emt 00:00:02]} e5 {[%clk 01:30:56]} {[%emt
00:00:05]} 2. Nc3 {[%clk 01:31:23]} {[%emt 00:00:05]} Nc6 {[%clk 01:30:18]}
{[%emt 00:01:08]} 3. g3 {[%clk 01:31:39]} {[%emt 00:00:13]} Bc5 {[%clk
01:30:15]} {[%emt 00:00:34]} 4. Bg2 {[%clk 01:31:58]} {[%emt 00:00:10]} d6
{[%clk 01:30:32]} {[%emt 00:00:14]} 5. Na4 {[%clk 01:32:17]} {[%emt 00:00:10]}
Bb6 {[%clk 01:30:52]} {[%emt 00:00:11]} 6. Nxb6 {[%clk 01:32:10]} {[%emt
00:00:37]} axb6 {[%clk 01:31:21]} {[%emt 00:00:01]} 7. Ne2 {[%clk 01:32:30]}
{[%emt 00:00:09]} Nge7 {[%clk 01:24:12]} {[%emt 00:07:40]} 8. O-O {[%clk
01:31:00]} {[%emt 00:01:59]} O-O {[%clk 01:24:11]} {[%emt 00:00:31]} 9. d4
{[%clk 01:29:09]} {[%emt 00:02:21]} exd4 {[%clk 01:16:13]} {[%emt 00:08:27]}
10. Nxd4 {[%clk 01:27:04]} {[%emt 00:02:36]} Nxd4 {[%clk 01:16:06]} {[%emt
00:00:37]} 11. Qxd4 {[%clk 01:27:25]} {[%emt 00:00:09]} Nc6 {[%clk 01:16:10]}
{[%emt 00:00:27]} 12. Qd1 {[%clk 01:26:45]} {[%emt 00:01:08]} f5 {[%clk
01:14:37]} {[%emt 00:02:05]} 13. f4 {[%clk 01:22:34]} {[%emt 00:04:40]} Qf6
{[%clk 01:08:56]} {[%emt 00:06:11]} 14. c3 {[%clk 01:16:29]} {[%emt 00:06:35]}
fxe4 {[%clk 01:02:26]} {[%emt 00:07:00]} 15. Bxe4 {[%clk 01:15:28]} {[%emt
00:01:30]} Be6 {[%clk 01:00:06]} {[%emt 00:02:50]} 16. g4 {[%clk 01:09:38]}
{[%emt 00:06:21]} Rxa2 {[%clk 00:47:36]} {[%emt 00:13:00]} 17. Rxa2 {[%clk
01:09:47]} {[%emt 00:00:22]} Bxa2 {[%clk 00:48:05]} 18. b3 {[%clk 01:09:53]}
{[%emt 00:00:23]} Qxc3 {[%clk 00:47:37]} {[%emt 00:00:58]} 19. Bd5+ {[%clk
01:08:11]} {[%emt 00:02:11]} Kh8 {[%clk 00:47:42]} {[%emt 00:00:26]} 20. Rf2
{[%clk 01:03:15]} {[%emt 00:05:26]} Bb1 {[%clk 00:39:53]} {[%emt 00:08:19]} 21.
f5 {[%clk 00:43:36]} {[%emt 00:20:09]} Re8 {[%clk 00:29:35]} {[%emt 00:10:48]}
22. Bd2 {[%clk 00:38:10]} {[%emt 00:05:55]} Qc2 {[%clk 00:22:45]} {[%emt
00:07:22]} 23. Qxc2 {[%clk 00:38:13]} {[%emt 00:00:27]} Bxc2 {[%clk 00:23:13]}
{[%emt 00:00:01]} 24. Bc3 {[%clk 00:38:29]} {[%emt 00:00:14]} Bd3 {[%clk
00:23:01]} {[%emt 00:00:42]} 25. f6 {[%clk 00:38:46]} {[%emt 00:00:13]} Ne5
{[%clk 00:20:25]} {[%emt 00:03:06]} 1/2-1/2

[Event "DEM U14w 2023"]
[Site "Willingen GER"]
[Date "2023.05.28"]
[Round "2"]
[White "Hergenröder, Cora"]
[Black "Vogt, Luna"]
[Result "1/2-1/2"]
[Termination "normal"]
[Board "9"]
[WhiteElo "1466"]
[BlackElo "1345"]
[WhiteClock "00:06:39"]
[BlackClock "00:19:36"]
[PlyCount "58"]
[WhiteFideId "34603700"]
[BlackFideId "34607153"]
[EventCountry "GER"]
[EventRounds "9"]
[EventType "swiss"]
[EventDate "2023.05.27"]

1. d4 {[%clk 01:30:59]} {[%emt 00:00:02]} d5 {[%clk 01:30:52]} {[%emt
00:00:09]} 2. c4 {[%clk 01:31:24]} {[%emt 00:00:04]} c6 {[%clk 01:31:18]}
{[%emt 00:00:04]} 3. cxd5 {[%clk 01:31:46]} {[%emt 00:00:09]} cxd5 {[%clk
01:31:38]} {[%emt 00:00:10]} 4. Bf4 {[%clk 01:31:48]} {[%emt 00:00:26]} Nc6
{[%clk 01:31:48]} {[%emt 00:00:20]} 5. Nc3 {[%clk 01:30:25]} {[%emt 00:01:53]}
Nf6 {[%clk 01:31:31]} {[%emt 00:00:48]} 6. e3 {[%clk 01:30:38]} {[%emt
00:00:17]} Bf5 {[%clk 01:31:34]} {[%emt 00:00:27]} 7. Bd3 {[%clk 01:28:31]}
{[%emt 00:02:37]} Bxd3 {[%clk 01:24:57]} {[%emt 00:07:07]} 8. Qxd3 {[%clk
01:28:59]} {[%emt 00:00:02]} e6 {[%clk 01:24:28]} {[%emt 00:00:59]} 9. Nf3
{[%clk 01:23:42]} {[%emt 00:05:47]} Bb4 {[%clk 01:23:47]} {[%emt 00:01:10]} 10.
O-O {[%clk 01:17:22]} {[%emt 00:06:51]} O-O {[%clk 01:22:50]} {[%emt 00:01:27]}
11. a3 {[%clk 01:06:52]} {[%emt 00:11:01]} Ba5 {[%clk 01:19:32]} {[%emt
00:03:47]} 12. h3 {[%clk 00:56:51]} {[%emt 00:10:32]} Rc8 {[%clk 01:16:10]}
{[%emt 00:03:51]} 13. Rac1 {[%clk 00:51:38]} {[%emt 00:05:43]} Bc7 {[%clk
01:14:21]} {[%emt 00:02:19]} 14. Bxc7 {[%clk 00:50:44]} {[%emt 00:01:25]} Rxc7
{[%clk 01:14:21]} {[%emt 00:00:29]} 15. Nb5 {[%clk 00:35:19]} {[%emt 00:15:55]}
Rc8 {[%clk 01:12:33]} {[%emt 00:02:18]} 16. Nc3 {[%clk 00:28:20]} {[%emt
00:07:29]} Nd7 {[%clk 01:10:27]} {[%emt 00:02:36]} 17. Ne2 {[%clk 00:23:43]}
{[%emt 00:05:08]} Qe7 {[%clk 01:06:12]} {[%emt 00:04:45]} 18. Rc2 {[%clk
00:23:04]} {[%emt 00:01:08]} Nb6 {[%clk 01:05:23]} {[%emt 00:01:18]} 19. Nd2
{[%clk 00:20:30]} {[%emt 00:03:04]} Na5 {[%clk 01:03:27]} {[%emt 00:02:26]} 20.
Rfc1 {[%clk 00:17:52]} {[%emt 00:03:08]} Nac4 {[%clk 01:00:11]} {[%emt
00:03:47]} 21. Nxc4 {[%clk 00:15:51]} {[%emt 00:02:31]} Nxc4 {[%clk 01:00:29]}
{[%emt 00:00:12]} 22. Qd1 {[%clk 00:12:32]} {[%emt 00:03:49]} Qd7 {[%clk
00:56:52]} {[%emt 00:04:07]} 23. Nf4 {[%clk 00:10:06]} {[%emt 00:02:57]} Rc6
{[%clk 00:46:07]} {[%emt 00:11:14]} 24. Nd3 {[%clk 00:09:39]} {[%emt 00:00:56]}
f6 {[%clk 00:38:07]} {[%emt 00:08:30]} 25. Nc5 {[%clk 00:09:17]} {[%emt
00:00:52]} Qe7 {[%clk 00:37:35]} {[%emt 00:01:02]} 26. Qd3 {[%clk 00:08:06]}
{[%emt 00:01:41]} Rfc8 {[%clk 00:34:51]} {[%emt 00:03:16]} 27. Qe2 {[%clk
00:07:11]} {[%emt 00:01:23]} b6 {[%clk 00:24:38]} {[%emt 00:10:44]} 28. Nd3
{[%clk 00:06:33]} {[%emt 00:01:07]} R6c7 {[%clk 00:24:27]} {[%emt 00:00:42]}
29. Nb4 {[%clk 00:06:39]} {[%emt 00:00:24]} Nd6 {[%clk 00:19:36]} {[%emt
00:05:21]} 1/2-1/2

[Event "DEM U14w 2023"]
[Site "Willingen GER"]
[Date "2023.05.28"]
[Round "2"]
[White "Chandrasekher, Ritu"]
[Black "Schwarzfischer, Julia"]
[Result "0-1"]
[Termination "normal"]
[Board "10"]
[WhiteElo "1268"]
[BlackElo "1364"]
[WhiteClock "00:30:26"]
[BlackClock "00:46:05"]
[PlyCount "114"]
[WhiteFideId "34609024"]
[BlackFideId "16268105"]
[EventCountry "GER"]
[EventRounds "9"]
[EventType "swiss"]
[EventDate "2023.05.27"]

1. d4 {[%clk 01:30:58]} d5 {[%clk 01:30:55]} {[%emt 00:00:07]} 2. Bf4 {[%clk
01:31:19]} {[%emt 00:00:08]} Nf6 {[%clk 01:31:15]} {[%emt 00:00:10]} 3. e3
{[%clk 01:31:41]} {[%emt 00:00:07]} e6 {[%clk 01:31:37]} {[%emt 00:00:09]} 4.
Nd2 {[%clk 01:31:57]} {[%emt 00:00:14]} a6 {[%clk 01:31:41]} {[%emt 00:00:26]}
5. c3 {[%clk 01:32:02]} {[%emt 00:00:24]} Be7 {[%clk 01:31:48]} {[%emt
00:00:23]} 6. Bd3 {[%clk 01:32:23]} {[%emt 00:00:09]} h6 {[%clk 01:32:09]}
{[%emt 00:00:10]} 7. Ngf3 {[%clk 01:32:43]} {[%emt 00:00:08]} Nbd7 {[%clk
01:32:04]} {[%emt 00:00:37]} 8. Qe2 {[%clk 01:32:29]} {[%emt 00:00:44]} c5
{[%clk 01:31:56]} {[%emt 00:00:38]} 9. O-O {[%clk 01:32:03]} {[%emt 00:00:55]}
c4 {[%clk 01:32:02]} {[%emt 00:00:25]} 10. Bc2 {[%clk 01:32:27]} {[%emt
00:00:06]} Nh5 {[%clk 01:31:19]} {[%emt 00:01:12]} 11. Ne5 {[%clk 01:32:05]}
{[%emt 00:00:52]} Nxf4 {[%clk 01:31:31]} {[%emt 00:00:18]} 12. exf4 {[%clk
01:32:00]} {[%emt 00:00:36]} Nxe5 {[%clk 01:28:47]} {[%emt 00:03:14]} 13. fxe5
{[%clk 01:29:33]} {[%emt 00:00:14]} b5 {[%clk 01:28:36]} {[%emt 00:03:24]} 14.
a3 {[%clk 01:28:55]} {[%emt 00:01:07]} Ra7 {[%clk 01:25:20]} {[%emt 00:03:47]}
15. f4 {[%clk 01:26:01]} {[%emt 00:03:23]} Kd7 {[%clk 01:23:29]} {[%emt
00:02:22]} 16. b3 {[%clk 01:22:20]} {[%emt 00:04:11]} Qa5 {[%clk 01:17:49]}
{[%emt 00:06:07]} 17. b4 {[%clk 01:20:00]} {[%emt 00:02:53]} Qb6 {[%clk
01:15:41]} {[%emt 00:02:38]} 18. f5 {[%clk 01:18:40]} {[%emt 00:01:50]} Kd8
{[%clk 01:14:17]} {[%emt 00:01:54]} 19. Qf3 {[%clk 01:10:18]} {[%emt 00:08:50]}
Bg5 {[%clk 01:13:33]} {[%emt 00:01:15]} 20. Rad1 {[%clk 01:07:59]} {[%emt
00:02:49]} a5 {[%clk 01:13:34]} {[%emt 00:00:30]} 21. fxe6 {[%clk 01:06:25]}
{[%emt 00:02:04]} Bxe6 {[%clk 01:13:29]} {[%emt 00:00:36]} 22. Bf5 {[%clk
01:04:20]} {[%emt 00:02:33]} axb4 {[%clk 01:11:21]} {[%emt 00:02:39]} 23. axb4
{[%clk 01:03:22]} {[%emt 00:01:28]} Ke7 {[%clk 01:05:48]} {[%emt 00:05:59]} 24.
Bxe6 {[%clk 01:02:18]} {[%emt 00:01:38]} Qxe6 {[%clk 01:02:34]} {[%emt
00:03:44]} 25. Qe2 {[%clk 01:00:10]} {[%emt 00:02:37]} Ra2 {[%clk 01:02:33]}
{[%emt 00:00:32]} 26. Qf2 {[%clk 00:58:36]} {[%emt 00:02:04]} Rc2 {[%clk
01:02:43]} {[%emt 00:00:20]} 27. h4 {[%clk 00:57:44]} {[%emt 00:01:21]} Bxd2
{[%clk 01:02:44]} {[%emt 00:00:30]} 28. Rxd2 {[%clk 00:56:44]} {[%emt
00:01:29]} Rxc3 {[%clk 01:01:56]} {[%emt 00:01:19]} 29. Ra2 {[%clk 00:56:48]}
{[%emt 00:00:26]} Rd8 {[%clk 01:01:45]} {[%emt 00:00:41]} 30. Ra7+ {[%clk
00:55:24]} {[%emt 00:01:54]} Rd7 {[%clk 01:00:23]} {[%emt 00:01:51]} 31. Rxd7+
{[%clk 00:55:24]} {[%emt 00:00:30]} Kxd7 {[%clk 01:00:33]} {[%emt 00:00:21]}
32. Qa2 {[%clk 00:50:52]} {[%emt 00:05:01]} Rd3 {[%clk 00:58:25]} {[%emt
00:02:39]} 33. Qa7+ {[%clk 00:51:06]} {[%emt 00:00:15]} Ke8 {[%clk 00:57:06]}
{[%emt 00:01:48]} 34. Qb8+ {[%clk 00:51:19]} {[%emt 00:00:16]} Ke7 {[%clk
00:55:39]} {[%emt 00:01:59]} 35. Qc7+ {[%emt 00:04:18]} Kf8 {[%clk 00:53:05]}
{[%emt 00:01:42]} 36. Qb8+ {[%clk 00:48:40]} {[%emt 00:00:43]} Qe8 {[%clk
00:52:48]} {[%emt 00:00:47]} 37. Qd6+ {[%clk 00:48:37]} {[%emt 00:00:33]} Kg8
{[%clk 00:51:40]} {[%emt 00:01:38]} 38. Qxd5 {[%clk 00:48:23]} {[%emt
00:00:45]} Qe6 {[%clk 00:49:17]} {[%emt 00:02:53]} 39. Qe4 {[%clk 00:47:27]}
{[%emt 00:01:23]} Qe7 {[%clk 00:48:11]} {[%emt 00:01:38]} 40. Ra1 {[%clk
00:46:33]} {[%emt 00:01:26]} g6 {[%clk 00:47:25]} {[%emt 00:01:16]} 41. Ra8+
{[%clk 00:42:47]} {[%emt 00:04:15]} Kg7 {[%clk 00:46:36]} {[%emt 00:01:18]} 42.
Qf4 {[%clk 00:37:03]} {[%emt 00:06:15]} c3 {[%clk 00:42:59]} {[%emt 00:04:08]}
43. Qf2 {[%clk 00:33:50]} {[%emt 00:03:41]} Rd2 {[%clk 00:42:31]} {[%emt
00:00:57]} 44. Qf4 {[%clk 00:32:10]} {[%emt 00:02:12]} Rd1+ {[%clk 00:42:39]}
{[%emt 00:00:23]} 45. Kh2 {[%clk 00:31:44]} {[%emt 00:00:55]} c2 {[%clk
00:42:55]} {[%emt 00:00:15]} 46. Rc8 {[%clk 00:31:01]} {[%emt 00:01:12]} c1=Q
{[%clk 00:42:35]} {[%emt 00:00:51]} 47. Rxc1 {[%clk 00:31:20]} {[%emt
00:00:10]} Rxc1 {[%clk 00:42:59]} {[%emt 00:00:06]} 48. Qxc1 {[%clk 00:31:01]}
{[%emt 00:00:48]} Qxh4+ {[%clk 00:43:25]} {[%emt 00:00:05]} 49. Kg1 {[%clk
00:30:34]} {[%emt 00:00:56]} Qxd4+ {[%clk 00:43:52]} {[%emt 00:00:05]} 50. Kh1
{[%clk 00:30:29]} {[%emt 00:00:34]} Qxb4 {[%clk 00:43:58]} {[%emt 00:00:24]}
51. Qf1 {[%clk 00:29:44]} {[%emt 00:01:13]} Qh4+ {[%clk 00:43:59]} {[%emt
00:00:31]} 52. Kg1 {[%clk 00:30:00]} {[%emt 00:00:14]} Qd4+ {[%clk 00:44:26]}
{[%emt 00:00:04]} 53. Kh1 {[%clk 00:30:16]} {[%emt 00:00:13]} Qxe5 {[%clk
00:44:51]} {[%emt 00:00:05]} 54. Qb1 {[%clk 00:30:06]} {[%emt 00:00:38]} Qh5+
{[%clk 00:44:47]} {[%emt 00:00:36]} 55. Kg1 {[%clk 00:29:59]} {[%emt 00:00:37]}
Qc5+ {[%clk 00:45:13]} {[%emt 00:00:04]} 56. Kh1 {[%clk 00:30:06]} {[%emt
00:00:22]} b4 {[%clk 00:45:40]} {[%emt 00:00:04]} 57. Qb2+ {[%clk 00:30:26]}
{[%emt 00:00:09]} Qc3 {[%clk 00:46:05]} {[%emt 00:00:06]} 0-1

[Event "DEM U14w 2023"]
[Site "Willingen GER"]
[Date "2023.05.28"]
[Round "2"]
[White "Oellrich, Emma"]
[Black "Abram, Kristina-Maria"]
[Result "1-0"]
[Termination "normal"]
[Board "11"]
[WhiteElo "1525"]
[BlackElo "1228"]
[WhiteClock "01:26:34"]
[BlackClock "01:12:31"]
[PlyCount "25"]
[WhiteFideId "16268806"]
[BlackFideId "16298349"]
[EventCountry "GER"]
[EventRounds "9"]
[EventType "swiss"]
[EventDate "2023.05.27"]

1. d4 {[%clk 01:30:59]} {[%emt 00:00:01]} d5 {[%clk 01:30:42]} {[%emt
00:00:17]} 2. c4 {[%clk 01:31:25]} {[%emt 00:00:05]} dxc4 {[%clk 01:30:56]}
{[%emt 00:00:16]} 3. e3 {[%clk 01:31:48]} {[%emt 00:00:06]} b5 {[%clk
01:30:22]} {[%emt 00:01:04]} 4. a4 {[%clk 01:32:00]} {[%emt 00:00:19]} c6
{[%clk 01:30:28]} {[%emt 00:00:24]} 5. axb5 {[%clk 01:32:15]} {[%emt 00:00:15]}
cxb5 {[%clk 01:30:36]} {[%emt 00:00:21]} 6. Qf3 {[%clk 01:32:38]} {[%emt
00:00:08]} Qd7 {[%clk 01:18:57]} {[%emt 00:12:09]} 7. Qxa8 {[%clk 01:30:44]}
{[%emt 00:02:24]} Nc6 {[%clk 01:18:41]} {[%emt 00:00:44]} 8. Ra6 {[%clk
01:30:26]} {[%emt 00:00:49]} Nb4 {[%clk 01:16:59]} {[%emt 00:02:12]} 9. Rxa7
{[%clk 01:29:20]} {[%emt 00:01:37]} Qd8 {[%clk 01:16:35]} {[%emt 00:00:52]} 10.
Bd2 {[%clk 01:27:45]} {[%emt 00:02:06]} e5 {[%clk 01:13:22]} {[%emt 00:03:44]}
11. Nf3 {[%clk 01:27:02]} {[%emt 00:01:11]} exd4 {[%clk 01:12:24]} {[%emt
00:01:30]} 12. Nxd4 {[%clk 01:26:34]} {[%emt 00:00:57]} Bc5 {[%clk 01:12:31]}
{[%emt 00:00:23]} 13. Nc6 {[%emt 00:07:42]} 1-0